| 000 | 00935nas a2200301 4500 | ||
|---|---|---|---|
| 001 | BR2014001046 | ||
| 003 | BR-BrBNA | ||
| 005 | 20231205123724.0 | ||
| 007 | ta | ||
| 008 | 230509b bl.|||p| |||| 00| 00por d | ||
| 040 |
_aBR-BrBNA _bpor _cBiblioteca Nacional de Agricultura |
||
| 041 | _a(Pt) | ||
| 072 | _aF70 | ||
| 100 | 1 | _aReys, P. | |
| 100 | 1 | _aCamargo, M.G.G. de | |
| 100 | 1 | _aGrombone-Guaratini, M.T. | |
| 100 | 1 | _aTeixeira, A. de P. | |
| 100 | 1 | _aAssis, M.A. | |
| 100 | 1 | _aMorellato, L.P.C. | |
| 245 | 1 | _aEstrutura e composição florística de um cerrado sensu stricto e sua importância para propostas de restauração ecológica | |
| 650 | _aFLORA | ||
| 650 | _aCOMPOSIÇÃO BOTANICA | ||
| 650 | _aESTRUTURA VEGETAL | ||
| 650 | _aCERRADO | ||
| 773 | 0 |
_tHoehnea (Brazil) _xISSN 0073-2877 _g(Sep 2013), v. 40(3) p. 449-464 _wBR2014001046 |
|
| 909 |
_a202311 _bLúcia _c55 _dLúcia Elande |
||
| 942 |
_2AGRIS _n0 _cANA |
||
| 999 |
_c235361 _d235361 |
||